| 000 | 01115nam a2200217Ii 4500 | ||
|---|---|---|---|
| 003 | JO-AjNU | ||
| 008 | 230605s9999||||xx |||||||||||||| ||und|| | ||
| 017 | _a2007/7/2330 | ||
| 020 | _a978-9957-491-13-0 | ||
| 040 |
_aJO-AjNU _bara _erda _cJO-AjNU |
||
| 041 | _aara | ||
| 050 | 1 | 4 | _aKMM313.7.H3542.2008 |
| 100 | 3 |
_aتأليف حمادين، عيسى مصطفى, _eauthor _956716 |
|
| 245 | 0 | 0 | _aالمسؤولية المدنية التقصيرية عن الأضرار البيئية: دراسة مقارنة بين القانون الأردني والقانون المصري |
| 264 | 3 | 1 | _aالاردن،اربد: مؤسسة حمادة للدراسات الجامعية، 2008 |
| 300 |
_a236ص _bيشتمل على قائمة المصادروالمراجع الببلوغرافية ص (231-236) |
||
| 336 |
_atext _btxt _2rdacontent |
||
| 337 |
_aunmediated _bn _2rdamedia |
||
| 338 |
_avolume _bnc _2rdacarrier |
||
| 650 | 4 |
_aتشريعات البيئة -- القانون المدني -- المسؤولية المدنية -- القانون المدني -- حماية البيئة -- الأردن -- مصر _956717 |
|
| 999 |
_aA25374 _c28942 _d28942 |
||